Cómo construir proyectos en la E.G.B

Wedi'i Gadw mewn:
Manylion Llyfryddiaeth
Prif Awdur: Bixio, Cecilia (Awdur)
Fformat: Llyfr
Iaith:Sbaeneg
Cyhoeddwyd: Rosario Homo Sapiens 1996
Cyfres:Serie Educación
Pynciau:
Tagiau: Ychwanegu Tag
Dim Tagiau, Byddwch y cyntaf i dagio'r cofnod hwn!

MARC

LEADER 00000nam a2200000 a 4500
001 UCO4828
003 CL-VaPUC
008 000818e19960000AG |||||||||||||||||spa|d
082 0 4 |a 371.207  |b BIX  |2 21 
100 0 |a Bixio, Cecilia  |e author  |9 449502 
245 1 0 |a Cómo construir proyectos en la E.G.B 
300 |a pág. irreg 
942 |c BK 
945 |d 20000818 00:00:00  |a rbrito 
260 |a Rosario  |b Homo Sapiens  |c 1996 
500 |a Primera parte: El proyecto institucional y la planificación estratégica en la escuela 
500 |a Segunda parte: Los proyectos de aula qué, cuándo, cómo 
650 0 |a Planificación de la educación   |9 307333 
650 0 |a Administración de la enseñanza   |9 261034 
650 0 |a Gestión educacional   |9 261035 
650 7 |a PROYECTO EN EDUCACION  |2 CL-VaPUC  |9 449503 
583 |a last modification  |c 20170427 10:46:10  |k Rodrigo Vera 
490 0 |a Serie Educación 
999 |c 290818  |d 290816 
952 |0 0  |1 0  |4 0  |6 371_207000000000000_BIX_1996  |7 0  |8 A  |9 340417  |a BIBEDU  |b BIBEDU  |d 2019-11-20  |i 3644065  |o 371.207 BIX 1996  |p 3644065  |r 2019-11-20  |w 2019-11-20  |y BK  |k BME